BSOP header

Living in the grip of relentless grace : (Record no. 22310)

MARC details
000 -LEADER
fixed length control field 00942nam a2200229 4500
008 - FIXED-LENGTH DATA ELEMENTS--GENERAL INFORMATION
fixed length control field 050121s2002 nju 001 0 eng
020 ## - INTERNATIONAL STANDARD BOOK NUMBER
International Standard Book Number 0875526551 :USD12.99
090 ## - LOCALLY ASSIGNED LC-TYPE CALL NUMBER (OCLC); LOCAL CALL NUMBER (OCLC)
Classification number (OCLC) (R) ; Classification number, CALL (RLIN) (NR) BS580.I67
Local cutter number (OCLC) ; Book number/undivided call number, CALL (RLIN) D87l
100 1# - MAIN ENTRY--PERSONAL NAME
Personal name Duguid, Iain M.
245 10 - TITLE STATEMENT
Title Living in the grip of relentless grace :
Remainder of title the Gospel in the lives of Isaac & Jacob /
Statement of responsibility, etc Iain M. Duguid.
260 ## - PUBLICATION, DISTRIBUTION, ETC. (IMPRINT)
Place of publication, distribution, etc Phillipsburg, N.J. :
Name of publisher, distributor, etc Presbyterian & Reformed,
Date of publication, distribution, etc c2002.
300 ## - PHYSICAL DESCRIPTION
Extent xiv, 162 p. ;
Dimensions 22 cm.
490 1# - SERIES STATEMENT
Series statement The Gospel according to the Old Testament
500 ## - GENERAL NOTE
General note Includes and index.
600 14 - SUBJECT ADDED ENTRY--PERSONAL NAME
Personal name Isaac
Titles and other words associated with a name (Biblical patriarch)
600 14 - SUBJECT ADDED ENTRY--PERSONAL NAME
Personal name Jacob
Titles and other words associated with a name (Biblical patriarch)
630 04 - SUBJECT ADDED ENTRY--UNIFORM TITLE
Uniform title Bible.
Name of part/section of a work N.T.
General subdivision Relation to the Old Testament.
630 04 - SUBJECT ADDED ENTRY--UNIFORM TITLE
Uniform title Bible.
Name of part/section of a work O.T.
-- Genesis XXV, 19-XXXV, 29
General subdivision Criticism, interpretation, etc.
630 04 - SUBJECT ADDED ENTRY--UNIFORM TITLE
Uniform title Bible.
Name of part/section of a work O.T.
-- Genesis
General subdivision Relation to the New Testament.
951 ## - EQUIVALENCE OR CROSS-REFERENCE-GEOGRAPHIC NAME/AREA NAME [OBSOLETE] [CAN/MARC only]
General subdivision 00030456
951 ## - EQUIVALENCE OR CROSS-REFERENCE-GEOGRAPHIC NAME/AREA NAME [OBSOLETE] [CAN/MARC only]
-- 28074
-- BS580.I67/D87l
-- 070613111436140
-- 2000-12-21
-- GC
Holdings
Withdrawn status Lost status Damaged status Not for loan Home library Current library Shelving location Date acquired Accession number Shelving control number Total Checkouts Full call number Barcode Date last seen Price effective from Koha item type
        BSOP Library BSOP Library GC 12/21/2000 28074 127   BS580.I67/D87l 00030456 02/23/2013 02/23/2013 Books
BSOP

Biblical Seminary of the Philippines
  All rights Reserved
  © 2024

CONTACT INFORMATION

Biblical Seminary of the Philippines,
  77-B Karuhatan Road, Valenzuela City,
  PHILIPPINES 1441
  Phone: +632 8292-6795 / 8292-6798
  Fax : +632 8292-6675
  Email: library@bsop.edu.ph